000 00718cam a22002414a 4500
999 _c141076
_d141076
003 UPN
005 20240529063622.0
008 090206s2002 es r 000 0 spa d
020 _a8475844723
035 _aUPN01000168970
040 _aUPN
_bspa
_cUPN
049 _aCG
050 4 _aDS771
_bV6.2
100 1 _aLoti, Pierre,
_d1850-1923
_930142
245 1 4 _aLos últimos días de Pekín /
_cPierre Loti ; tr. Marta Pérez Sánchez.
260 _aBarcelona, Esp. :
_bLaertes,
_c2002.
300 _a238 p.
490 0 _aNan Shan ;
_v62
651 4 _943415
_aBEIJING (CHINA) -
_xHISTORIA -
_yASEDIO, 1900
651 4 _943416
_aCHINA -
_xHISTORIA -
_yREBELION BOXER, 1899-1901
905 _aLibro
942 _2lcc
_cLIBRO